Tous les nominés au Ballon d'Or 2024 - Statistiques

Statistiques générales
  • Ce quiz a été pris 256 fois
  • Le résultat moyen est 18 sur 30
Statistiques - réponses
Joueur Équipe % Correct
Kylian Mbappé Paris Saint-Germain
94%
Vinicius Junior Real Madrid
93%
Erling Haaland Manchester City
88%
Lautaro Martinez Inter Milan
88%
Jude Bellingham Real Madrid
85%
Rodri Manchester City
82%
Emiliano Martinez Aston Villa
80%
Lamine Yamal Barcelona
77%
Florian Wirtz Bayer Leverkusen
71%
Dani Carvajal Real Madrid
69%
Bukayo Saka Arsenal
65%
Harry Kane Bayern München
63%
William Saliba Arsenal
63%
Toni Kroos Real Madrid
61%
Antonio Rüdiger Real Madrid
60%
Nico Williams Athletic Bilbao
59%
Ademola Lookman Atalanta
58%
Martin Ødegaard Arsenal
58%
Vitinha Paris Saint-Germain
56%
Phil Foden Manchester City
55%
Cole Palmer Chelsea
53%
Rúben Días Manchester City
52%
Álex Grimaldo Bayer Leverkusen
49%
Federico Valverde Real Madrid
49%
Granit Xhaka Bayer Leverkusen
48%
Declan Rice Arsenal
40%
Mats Hummels Borussia Dortmund
38%
Dani Olmo Leipzig
36%
Hakan Çalhanoglu Inter Milan
30%
Artem Dobvyk Girona
13%
Aucun quiz correspondant
Distribution des résultats
% des personnes avec chaque résultat
Percentile par nombre de réponses
Votre historique - résultats
Vous n’avez pas pris ce quiz